Leaders of the NBA Players Association - Statistics

General Stats
  • This quiz has been taken 16 times
  • The average score is 7 of 44
Answer Stats
Leader % Correct
LeBron James
67%
Chris Paul
60%
Michael Curry
60%
Stephen Curry
53%
Antonio Davis
47%
Jaren Jackson Jr.
40%
Buck Williams
33%
Grant Williams
33%
Jaylen Brown
33%
CJ McCollum
27%
James Jones
27%
Andre Iguodala
20%
Bob Cousy
20%
Michele Roberts
20%
Oscar Robertson
20%
Patrick Ewing
20%
Carmelo Anthony
13%
Derek Fisher
13%
Donovan Mitchell
13%
Isiah Thomas
13%
Karl-Anthony Towns
13%
Kyrie Irving
13%
Pau Gasol
13%
Alex English
7%
Anthony Tolliver
7%
Bismack Biyombo
7%
Fred VanVleet
7%
Harrison Barnes
7%
Junior Bridgeman
7%
Mason Plumlee
7%
Tom Heinsohn
7%
Billy Hunter
0%
Bob Lanier
0%
Charles Grantham
0%
Gabe Vincent
0%
Garrett Temple
0%
Kyle Korver
0%
Larry Fleisher
0%
Malcolm Brogdon
0%
Paul Silas
0%
Roger Mason Jr.
0%
Simon Gourdine
0%
Steve Blake
0%
Tamika Tremaglio
0%
No matching quizzes found
Score Distribution
Percent of People with Each Score
Percentile by Number Answered
Your Score History
You have not taken this quiz